Vinodolské noviny obecné noviny

Bibliographic Details
Format: Serial
Language:Slovak
PhysicalDescription:zv. 30 cm
Published: Vinodol Obec Vinodol 2015-
ISSN:1339-8555
Subjects:

MARC

LEADER 00000cas a2200000 a 4500
001 vtls010662037
003 SK-MaSNL
005 20260228161136.0
008 150319c20159999xo qr 0 0slo
022 |a 1339-8555 
040 |a SNK  |b slo  |c SNK  |e AACR2 
041 0 |a slo 
043 |a e-xo--- 
044 |a xo  |c SK 
072 7 |a 352/354  |x Stupne miestnej, oblastnej a ústrednej správy  |2 konspekt 
072 7 |a 316.7  |x Sociológia kultúry. Kultúrny život  |2 konspekt 
072 7 |a 394  |x Verejný a spoločenský život. Každodenný život  |2 konspekt 
080 |a 353.9  |2 2011 
080 |a 316.728  |2 2011 
080 |a 394  |2 2011 
080 |a 050  |2 2011 
080 |a (437.6)  |2 2011 
080 |a (051)+(054)  |2 2011 
210 0 |a Vinodolské nov. 
222 0 |a Vinodolské noviny 
245 0 0 |a Vinodolské noviny  |b obecné noviny 
260 |a Vinodol  |b Obec Vinodol  |c 2015- 
300 |a zv.  |c 30 cm 
310 |a 4x ročne 
362 0 |a Roč. I, č. 1 (2015)- 
500 |a Evidenčné č.: EV 5102/15 
650 0 7 |a územná samospráva  |2 SNKPH  |9 802 
650 0 7 |a každodenný život  |2 SNKPH  |9 4946 
651 7 |a Vinodol (Slovensko)  |2 SNKPHgeo  |9 256412 
655 7 |a miestne periodiká  |2 SNKPH  |9 160938 
910 |a snk 
999 |c 4476  |d 6406 
952 |0 0  |1 0  |4 0  |7 0  |8 0  |a SNK  |b SNK  |d 2022-07-06  |i snk2022/11014  |l 0  |o snkČSB 7033/5/2019  |p 17A1463509  |r 2026-02-21 20:03:26  |t č. 1-4  |w 2026-02-21  |y PREZ 
952 |0 0  |1 0  |4 0  |7 0  |8 0  |a SNK  |b SNK  |d 2022-07-06  |i snk2022/11015  |l 0  |o snkČSB 7033/6/2020  |p 17A1463507  |r 2026-02-21 20:03:26  |t č. 1-4  |w 2026-02-21  |y PREZ 
952 |0 0  |1 0  |4 0  |7 0  |8 0  |a SNK  |b SNK  |d 2022-07-06  |i snk2022/11016  |l 0  |o snkČSB 7033/7/2021  |p 17A1463508  |r 2026-02-21 20:03:26  |t č. 1-4  |w 2026-02-21  |y PREZ 
952 |0 0  |1 0  |3 Spoločne zviazané r. 2015-2018  |4 0  |7 0  |8 0  |a SNK  |b SNK  |d 2019-04-05  |i snk2019/9864  |l 0  |o snkČSB 7033/1/2015  |p 17A1366348  |r 2026-02-21 21:58:56  |t č. 1-4  |w 2026-02-21  |y PREZ  |z Spoločne zviazané r. 2015-2018 
952 |0 0  |1 0  |3 Spoločne zviazané r. 2015-2018  |4 0  |7 0  |8 0  |a SNK  |b SNK  |d 2019-04-05  |i snk2019/9864  |l 0  |o snkČSB 7033/2/2016  |p 17A1366349  |r 2026-02-21 21:58:56  |t č. 1-4  |w 2026-02-21  |y PREZ  |z Spoločne zviazané r. 2015-2018 
952 |0 0  |1 0  |3 Spoločne zviazané r. 2015-2018  |4 0  |7 0  |8 0  |a SNK  |b SNK  |d 2019-04-05  |i snk2019/9864  |l 0  |o snkČSB 7033/3/2017  |p 17A1366350  |r 2026-02-21 21:58:56  |t č. 1-4  |w 2026-02-21  |y PREZ  |z Spoločne zviazané r. 2015-2018 
952 |0 0  |1 0  |3 Spoločne zviazané r. 2015-2018  |4 0  |7 0  |8 0  |a SNK  |b SNK  |d 2019-04-05  |i snk2019/9864  |l 0  |o snkČSB 7033/4/2018  |p 17A1366351  |r 2026-02-21 21:58:56  |t č. 1-4  |w 2026-02-21  |y PREZ  |z Spoločne zviazané r. 2015-2018